000 00405 a2200169 4500
003 Nust
005 20170207153342.0
040 _cNust
082 _a005.1
100 _aAmjad , Faisal Muhammad Capt BESE-02
245 _aMultimedia Database
_cCapt Muhammad Faisal Amjad , BESE-02
260 _bMCS
_c2000
300 _a86p
538 _aT4 And Shelf No 2
650 _aUG Projects
651 _aUG CS Projects
942 _cTHS
999 _c184341
_d184341